| 000 | 00618nam a2200181Ia 4500 | ||
|---|---|---|---|
| 008 | 100920s9999 xx 000 0 und d | ||
| 082 |
_b74631 _a24 थ 98 |
||
| 100 | _aथत्ते रविन. | ||
| 245 | _aमी हिंदू झालो. | ||
| 260 |
_bग्रंथाली, अभिनव वाचक-चळवळ नेहरूनगर मुंबई 24. _c1998 |
||
| 300 |
_a130 _bसाधी |
||
| 365 | _b100 | ||
| 520 | _aसायो. | ||
| 630 | _aमी हिंदू झालो. | ||
| 650 | _aसायो. | ||
| 730 | _aमी हिंदू झालो. | ||
| 942 | _cBOOK | ||
| 999 |
_c716216 _d716213 |
||